Archiv für Kriminal-Anthropologie und Kriminalistik / (Record no. 236)

MARC details
000 -LEADER
campo de control de longitud fija 01017nas a2200289 i 4500
001 - NÚMERO DE CONTROL
campo de control 236
003 - IDENTIFICADOR DE NÚMERO DE CONTROL
campo de control ES-MaACL
005 - FECHA Y HORA DE LA ÚLTIMA TRANSACCIÓN
campo de control 20250809062525.0
007 - CAMPO FIJO DE DESCRIPCIÓN FÍSICA--INFORMACIÓN GENERAL
campo de control de longitud fija t|
008 - DATOS DE LONGITUD FIJA--INFORMACIÓN GENERAL
campo de control de longitud fija 950801d1898 gw | | 1 ||er d
080 ## - NÚMERO DE LA CLASIFICACIÓN DECIMAL UNIVERSAL
Número de la Clasificación Decimal Universal 430
245 00 - MENCIÓN DEL TÍTULO
Título Archiv für Kriminal-Anthropologie und Kriminalistik /
Mención de responsabilidad, etc. dir. Hans Gross.
260 ## - PUBLICACIÓN, DISTRIBUCIÓN, ETC.
Lugar de publicación, distribución, etc. Leipzig :
Nombre del editor, distribuidor, etc. Vogel,
Fecha de publicación, distribución, etc. 1898-
300 ## - DESCRIPCIÓN FÍSICA
Extensión v. :
Otras características físicas il. ;
Dimensiones 23 cm.
310 ## - PERIODICIDAD ACTUAL
Periodicidad actual Irregular
362 1# - FECHAS DE PUBLICACIÓN Y/O DESIGNACIÓN SECUENCIAL
Fecha de publicación y/o designación secuencial 1. Bd., 1. Heft (Oct. 1898)-bd. 65., 3. und 4. Heft (Apr. 1916)
650 17 - PUNTO DE ACCESO ADICIONAL DE MATERIA--TÉRMINO DE MATERIA
Término de materia o nombre geográfico como elemento de entrada Derecho
Fuente del encabezamiento o término embne
9 (RLIN) 11602
650 07 - PUNTO DE ACCESO ADICIONAL DE MATERIA--TÉRMINO DE MATERIA
Término de materia o nombre geográfico como elemento de entrada Antropología criminal
Fuente del encabezamiento o término embne
9 (RLIN) 9866
650 07 - PUNTO DE ACCESO ADICIONAL DE MATERIA--TÉRMINO DE MATERIA
Término de materia o nombre geográfico como elemento de entrada Medicina legal
Fuente del encabezamiento o término embne
9 (RLIN) 14928
650 #4 - PUNTO DE ACCESO ADICIONAL DE MATERIA--TÉRMINO DE MATERIA
Término de materia o nombre geográfico como elemento de entrada Criminología.
9 (RLIN) 135832
700 1# - ENTRADA AGREGADA--NOMBRE PERSONAL
Nombre de persona Gross, Hans,
Término indicativo de función/relación
9 (RLIN) 227401
700 1# - ENTRADA AGREGADA--NOMBRE PERSONAL
Nombre de persona Heindl, Robert,
Término indicativo de función/relación
9 (RLIN) 227402
785 00 - ENTRADA/ENLACE A UN TÍTULO POSTERIOR
Título Archiv für Kriminologie : Monatschrift für naturwissenschaftliche Kriminalistik und Polizeiarchiv,
Lugar, editor y fecha de publicación Bd. 66., 1. und 2. Heft (Juni 1916)-
852 ## - LOCALIZACIÓN
Ubicación ES-MaACL
Número de control de estantería Hem-142
866 #0 - MENCIÓN TEXTUAL DE FONDOS--UNIDAD BIBLIOGRÁFICA BÁSICA
Fondos 1903-15(1916),1920-43.
Holdings
Estatus retirado Estado de pérdida Estado de daño No para préstamo Colección Biblioteca de origen Biblioteca actual Ubicación en estantería Fecha de adquisición Fuente de adquisición Total de préstamos Signatura topográfica completa Código de barras Visto por última vez Precio de reemplazo Tipo de ítem Koha
        Periódicos y Revistas Biblioteca del Ateneo de Madrid Biblioteca del Ateneo de Madrid Depósito 1 17/01/2008     Hem-142 1000238 23/02/2023 23/02/2023 Revista